000 03222cam a22006134i 4500
003 PE-LiUPU
005 20250731165615.0
008 150706s2010 pe a r 000 0 spa d
020 _a9789972607943
035 _a(Sirsi) i9789972607943
040 _aPE-LiUPU
_bspa
_cPE-LiUPU
_erda
049 _aPRUA
082 0 4 _a001.42
_bV28
_221
082 0 4 _a001.42
_bV29 2010
100 1 _aVara Horna, Arístides Alfredo,
_eautor.
245 1 1 _a¿Cómo evaluar la rigurosidad científica de las tesis doctorales? /
_cArístides Alfredo Vara Horna.
264 1 _aLima :
_bUniversidad San Martin de Porras,
_c2010.
300 _a434 páginas :
_bilustraciones ;
_c24 centímetros.
336 _atext
_2rdacontent
337 _aunmediated
_2rdamedia
338 _avolume
_2rdacarrier
505 0 _aProblema -- Planteamiento del problema -- Estado del arte: antecedentes -- Las tesis doctorales y la crisis del postgrado -- Las tesis doctorales: análisis conceptual, contextual y teleológico -- Acrisis de la investigación en las escuelas de postgrado actuales -- El problema de la cientificidad de las ciencias sociales -- Estatuto epistemológico del método científico -- La rigurosidad científica de las tesis doctorales: criterios teóricos -- La rigurosidad científica de las tesis doctorales: criterios metodológicos -- Evidencias de validez de los criterios -- Conclusiones y recomendaciones.
526 _aSEG44
526 _aSEG26
526 _aP151
526 _aP150
526 _aP149
526 _aP146
526 _aP145
526 _aP126
526 _aP125
526 _aP92
526 _aP75
526 _aP74
526 _aP27
526 _aP15
541 _g001-000024;
541 _g001-000024;
650 0 4 _aTesis y disertaciones académicas.
_91308
650 0 4 _aInvestigación científica.
650 0 4 _aInvestigación
_xEvaluación.
910 _agl
_bng
_d20130710
910 _btqv
_cwelc
_d20160713
942 _2ddc
_cBOOK
949 _a001.42 V28
_wDEWEY
_c1
_i68012
_lCCODEBUL1
_mBUL
_p20.00
_r0
_sY
_tBOOK
_u2015-7-6
_xFCE
_PP04
_o.STAFF. Colección General
949 _a001.42 V28
_wDEWEY
_c2
_i68013
_lCCODEBUL1
_mBUL
_p20.00
_r0
_sY
_tBOOK
_u2015-7-6
_xFCE
_PP04
_o.STAFF. Colección General
949 _a001.42 V29 2010
_wDEWEY
_c1
_iFJ00876
_lCCODEBUJ1
_mBUJ
_p21.54
_r0
_sY
_tBOOK
_u2016-07-13
_xFCE
_PP08
_0COMPRA
_o.STAFF. Colección General Juliaca
994 _aC0
_bPEPRU
596 _a1 3
999 _a001.42 V28
_wDEWEY
_c55481
_i68012
_d55481
_e2018-1-7
_f2021-11-4
_g6
_lCCODEBUL1
_mBUL
_n4
_p20.00
_q1
_r0
_sY
_tBOOK
_u2015-7-6
_xBIBLIOTECA
_PP04
_0COMPRA
_o.STAFF. Colección General
999 _a001.42 V28
_wDEWEY
_c2
_i68013
_d2016-3-9
_e2016-2-18
_f2021-11-4
_g6
_lCCODEBUL1
_mBUL
_n6
_p20.00
_r0
_sY
_tBOOK
_u2015-7-6
_xBIBLIOTECA
_PP04
_0COMPRA
_o.STAFF. Colección General
999 _a001.42 V29 2010
_wDEWEY
_c1
_iFJ00876
_d2017-11-24
_f2021-12-27
_g4
_lCCODEBUJ1
_mBUJ
_p21.54
_q6
_r0
_sY
_tBOOK
_u2016-7-13
_xINGENIERIA
_PP27
_0COMPRA
_o.STAFF. Colección General Juliaca
980 _81
_gALBERTO SANCHEZ Responsable de Automatización